| 000 | 00527nam a2200193 a 4500 | ||
|---|---|---|---|
| 005 | 20210219152249.0 | ||
| 008 | 991125s1977 mx 000 0 spa u | ||
| 035 | _aUPN01000050351 | ||
| 049 | _aCG | ||
| 050 | 4 |
_aQD251 M3.6 _b1977 |
|
| 100 | 1 | _aMateos Gómez, José Luis | |
| 245 | 1 | 0 |
_aQuímica orgánica / _cJosé Luis Mateos Gómez |
| 260 |
_aMéxico : _bUNAM, _c1977 |
||
| 300 | _a411 p. | ||
| 440 | 0 | _aTextos programados | |
| 650 | 4 |
_aQUIMICA ORGANICA- _xESTUDIO Y ENSEÑANZA |
|
| 904 |
_aAC _b050353 |
||
| 905 | _aLibro | ||
| 999 |
_c50351 _d50351 |
||